Dzień w historii – styczeń - Statystyki

Ogólne statystyki
  • Ten quiz został rozwiązany 897 razy
  • Średni wynik to 20 z 31
Statystyki odpowiedzi
Dzień Rok Wskazówka Odpowiedź % Poprawnych
1 sty 2002 Do obiegu zostaje pierwszy raz wprowadzona ta waluta Euro
96%
4 sty 2010 Otwarta w tym mieście zostaje Burdż Chalifa, najwyższy budynek świata Dubaj
90%
10 sty 1863 W Londynie otwarto pierwszą na świecie linię tego typu komunikacji publicznej Metro
87%
21 sty 1793 To urządzenie zostaje użyte do skazania króla Francji Ludwika XVI na śmierć Gilotyna
85%
15 sty 1734 Pochowani zostają w krypcie tego zamku ostatni królowie - Jan III Sobieski i August II Mocny Zamek na Wawelu
84%
5 sty 1769 Ten rodzaj maszyny zostaje wynaleziony przez Jamesa Watta Maszyna {parowa}
83%
2 sty 1492 Emirat Granady zostaje podbity, co zakończyło rekonkwistę w tym kraju Hiszpania
78%
6 sty 1919 W ramach tego powstania Polacy odnoszą zwycięstwo pod Ławicą, zdobywając największy łup wojenny w historii Polski Powstanie {wielkopolskie}
78%
27 sty 1945 Armia Czerwona przejmuje kontrolę nad tym niemieckim obozem koncentracyjnym Auschwitz-Birkenau
76%
17 sty 395 To państwo zostaje podzielone na część zachodnią i wschodnią Cesarstwo Rzymskie
76%
9 sty 1349 Kilkuset Żydów w Bazylei zostaje spalonych żywcem po oskarżeniu ich o spowodowanie tej epidemii Czarna śmierć
76%
26 sty 1924 Nazwa tego miasta zostaje zmieniona na Leningrad Piotrogród
74%
14 sty 1953 Josip Broz Tito zostaje wybrany na prezydenta tego państwa Jugosławia
72%
25 sty 1778 Ten polski generał otrzymuje od Jerzego Waszyngtona polecenie fortyfikacji West Pointu Tadeusz Kościuszko
72%
11 sty 1964 Lekarz naczelny USA raportuje, że ta czynność może być szkodliwa dla życia i zdrowia Palenie tytoniu
71%
20 sty 1320 Ma miejsce jego koronacja na króla Polski, która jest uznawana za zakończenie okresu rozbicia dzielnicowego Władysław Łokietek
69%
13 sty 2017 Ma miejsce premiera tego utworu Luisa Fonsiego i Daddy'ego Yankee, która stanie się później światowym hitem nr 1 Despacito
65%
18 sty 1778 Hawaje zostają odkryte przez tego brytyjskiego żeglarza James Cook
63%
16 sty 27 p.n.e. Ten człowiek staje się pierwszym w historii rzymskim cesarzem Oktawian August
62%
7 sty 1610 Ten naukowiec odkrywa cztery największe księżyce Jowisza Galileusz
60%
8 sty 1959 Ten człowiek zostaje pierwszym prezydentem V Republiki Francuskiej Charles de Gaulle
53%
23 sty 1919 Wojsko tego kraju wkracza do Polski, rozpoczynając wojnę z nim trwającą około miesiąca Czechosłowacja
49%
3 sty 1965 Założony zostaje ten polski zespół rockowy, nazywany czasem Beatelsami Europy Wschodniej Czerwone Gitary
49%
31 sty 2010 Ten film jako pierwszy zarabia łącznie 2 miliardy dolarów Avatar
48%
30 sty 1976 Ten przyszły prezydent USA zostaje dyrektorem CIA George H.W. Bush
48%
19 sty 1806 Brytyjczycy zajmują Przylądek Dobrej Nadziei od tego państwa Holandia
46%
22 sty 1863 Rząd Narodowy publikuje ten tekst ogłaszający wybuch powstania styczniowego {Manifest} 22 stycznia
39%
29 sty 1978 Szwecja zakazuje sprzedaży produktów zawierających tę substancję uszkadzającą ozonosferę, jako pierwszy kraj świata Freon
36%
12 sty 1955 Początek budowy tego kosmodromu w dzisiejszym Kazachstanie Bajkonur
35%
24 sty 41 Dochodzi do morderstwa tego rzymskiego cesarza i jego rodziny Kaligula
33%
28 sty 1986 W wyniku eksplozji tego wahadłowca giną wszyscy astronauci na jego pokładzie Challenger
32%
Nie znaleziono quizów pasujących do podanych kryteriów
Rozkład punktacji
Procent ludzi z każdym wynikiem
Percentyl według liczby udzielonych odpowiedzi
Twoja historia wyników
Nie rozwiązałeś tego quizu